000 00741nam a2200265 i 4500
003 DO-SdBNP
005 20230529142205.0
007 ta
008 230529b1961 sp ||||| |||| 00| 0 spa d
040 _aDO-SdBNP
_bspa
_cBNPHU
_erda
082 4 _222
100 1 _aAza, Vital,
_d1851-1912
_eautor
_983475
245 1 0 _aComedias escogidas
_cVital Aza
250 _a2a ed.
264 _aEspaña :
_bAguilar,
_c1961.
300 _a662 páginas ;
_c12 cm.
336 _2rdacontent
_atexto
_btxt
337 _2rdamedia
_asin mediación
_bn
338 _2rdacarrier
_avolumen
_bnc
490 _aCrisol
_v317
500 _aIncluye referencias bibliográficas y notas
590 _aInventariado, 2023/BT
910 _aBtavárez
942 _2ddc
_cLBS1
999 _c53644
_d53644